Tribhuvan University Central Library

Role of cardamom farming in the socio- economic status of the communities in Falelung rural municipality of Panchthar district (Record no. 100025)

MARC details
000 -LEADER
fixed length control field 00525nam a22001577a 4500
008 - FIXED-LENGTH DATA ELEMENTS--GENERAL INFORMATION
fixed length control field 210723b ||||| |||| 00| 0 eng d
082 ## - DEWEY DECIMAL CLASSIFICATION NUMBER
Classification number CD17234
100 ## - MAIN ENTRY--PERSONAL NAME
Personal name Rai, Kiran
245 ## - TITLE STATEMENT
Title Role of cardamom farming in the socio- economic status of the communities in Falelung rural municipality of Panchthar district
260 ## - PUBLICATION, DISTRIBUTION, ETC. (IMPRINT)
Place of publication, distribution, etc Kathmandu:
Date of publication, distribution, etc 2020
502 ## - DISSERTATION NOTE
Dissertation note Dissertation (Degree in Geography),TU
Degree type Degree in Geography,
Name of granting institution TU.
Year degree granted 2020
650 ## - SUBJECT ADDED ENTRY--TOPICAL TERM
Topical term or geographic name as entry element Cardamom
650 ## - SUBJECT ADDED ENTRY--TOPICAL TERM
Topical term or geographic name as entry element Cash crops
650 ## - SUBJECT ADDED ENTRY--TOPICAL TERM
Topical term or geographic name as entry element Farming
942 ## - ADDED ENTRY ELEMENTS (KOHA)
Source of classification or shelving scheme Dewey Decimal Classification
Koha item type Audio Visual Materials
Holdings
Withdrawn status Lost status Source of classification or shelving scheme Damaged status Not for loan Home library Current library Date acquired Total Checkouts Full call number Barcode Date last seen Price effective from Koha item type
    Dewey Decimal Classification     Tribhuvan University Central Library Tribhuvan University Central Library 07/23/2021   CD17234 A17184 07/23/2021 07/23/2021 Audio Visual Materials